| 000 | 00397nam a2200169 4500 | ||
|---|---|---|---|
| 001 | 45697 | ||
| 090 | _a45697 | ||
| 100 | _a20260219 pory50 | ||
| 101 | _apor | ||
| 102 | _aPT | ||
| 200 |
_aContos de Natal _fDomingos Monteiro |
||
| 205 | _a2.ª ed. | ||
| 210 |
_aLisboa _cSociedade de Expansão Cultural _d1974 |
||
| 215 |
_a117, [3] p. _cil. |
||
| 675 | _a82-93 | ||
| 801 |
_aPT _gRPC |
||
| 990 | _cLIVROS | ||